00401nam a2200133Ia 450000500170000000800410001702000150005808200150007310000280008824500500011626000780016630000130024465000100025720240418022527.0240331s9999 xx 000 0 und d a8185575053 bDHIa331.4 aDhillon, Kaur Paramjeet 0aWomen entrepreneurs :bproblems and Prospects aNew Delhi ;bR. Gangadharan for Blaze Publishers & Distributors Pvtc1991 a223 p ., aWomen